000 00194 a2200097 4500
020 _a9781484722916
041 _aspa
100 _aWillems, Mo
245 _aDebo compartir mi helado?
942 _cBK
999 _c30445
_d30443